Das Ende der Illusionen / (Record no. 52744)

MARC details
000 -LEADER
campo de control de longitud fija 00797cam a22002891 4500
001 - NÚMERO DE CONTROL
campo de control 96923
005 - FECHA Y HORA DE LA ÚLTIMA TRANSACCIÓN
campo de control 20230410120830.0
008 - DATOS DE LONGITUD FIJA--INFORMACIÓN GENERAL
campo de control de longitud fija 770915s1996 fi 000 0 ger c
035 ## - NÚMERO DE CONTROL DEL SISTEMA
-- (DLC)ac 34003231
035 ## - NÚMERO DE CONTROL DEL SISTEMA
Número de control de sistema 7823282
010 ## - NÚMERO DE CONTROL DE LA BIBLIOTECA DEL CONGRESO
Número de control de LC ac 34003231
035 ## - NÚMERO DE CONTROL DEL SISTEMA
Número de control de sistema (OCoLC)3267303
020 ## - NÚMERO INTERNACIONAL ESTÁNDAR DEL LIBRO
Número Internacional Estándar del Libro 3492040381
042 ## - CÓDIGO DE AUTENTICACIÓN
Código de autenticación premarc
043 ## - CÓDIGO DE ÁREA GEOGRÁFICA
Código de área geográfica e-gx---
-- e------
050 14 - SIGNATURA TOPOGRÁFICA DE LA BIBLIOTECA DEL CONGRESO
Número de clasificación HX 40
Número de ítem F983e 1996
082 00 - NÚMERO DE LA CLASIFICACIÓN DECIMAL DEWEY
Número de clasificación 940.3148
100 1# - ENTRADA PRINCIPAL--NOMBRE DE PERSONA
Nombre de persona Furet, Francois,
Fechas asociadas al nombre 1927-1997.
245 14 - MENCIÓN DEL TÍTULO
Título Das Ende der Illusionen /
Mención de responsabilidad, etc. Francois Furet.
260 ## - PUBLICACIÓN, DISTRIBUCIÓN, ETC.
Lugar de publicación, distribución, etc. Amsterdam,
Nombre del editor, distribuidor, etc. Piper Verlag Gmbh,
Fecha de publicación, distribución, etc. 1996.
300 ## - DESCRIPCIÓN FÍSICA
Extensión 724 p.
Dimensiones 19 cm.
650 #0 - PUNTO DE ACCESO ADICIONAL DE MATERIA--TÉRMINO DE MATERIA
Término de materia o nombre geográfico como elemento de entrada World War, 1914-1918
Subdivisión general Influence.
650 #0 - PUNTO DE ACCESO ADICIONAL DE MATERIA--TÉRMINO DE MATERIA
Término de materia o nombre geográfico como elemento de entrada World politics.
650 #0 - PUNTO DE ACCESO ADICIONAL DE MATERIA--TÉRMINO DE MATERIA
Término de materia o nombre geográfico como elemento de entrada Economic policy.
651 #0 - PUNTO DE ACCESO ADICIONAL DE MATERIA--NOMBRE GEOGRÁFICO
Nombre geográfico Germany
Subdivisión general Foreign relations
Subdivisión cronológica 1933-1945.
942 ## - ELEMENTOS DE ENTRADA SECUNDARIOS (KOHA)
Fuente del sistema de clasificación o colocación Clasificación de Library of Congress
Tipo de ítem Koha
Holdings
Estatus retirado Estado de pérdida Fuente del sistema de clasificación o colocación Estado de daño No para préstamo Colección Biblioteca de origen Biblioteca actual Ubicación en estantería Fecha de adquisición Serial enumeration / chronology Signatura topográfica completa Código de barras Visto por última vez Copia número Tipo de ítem Koha
    Clasificación de Library of Congress     Ciencias Sociales Biblioteca Juan Bosch Biblioteca Juan Bosch Ciencias Sociales (3er. Piso) 10/04/2023 1 HX 40 F983e 1996 00000090624 24/10/2018 1